000 00314nam a2200109Ia 4500
008 200302s9999 xx 000 0 und d
100 _aSeele
245 _aInnovative design + construction / Manufacturing and design synergies in the building process
260 _bDetail development
260 _c2010
300 _a112
999 _c7318
_d7318